000 01188nam a22002297a 4500
003 JO-AjAnu
005 20240710112946.0
008 240326b jo ||||| |||| 00| 0 ara d
040 _aJO-AjAnu
_bara
_cJO-AjAnu
041 0 _hara
100 1 _aابو الشعر، هند غسان توفيق
_eمعد
_965152
245 1 0 _aاوراق الملك عبدالله بن الحسين المعارف في عهد الامير الملك عبدالله بن الحسين(1928-1951م)، المجلد الخامس والثلاثون /
_cاعداد هند غسان توفيق ابو الشعر ؛ اشراف محمد عدنان سلامة البخيت
250 _aالطبعة الاولى
260 _aعمان :
_bمؤتمر بلاد الشام،
_c2023
300 _a461 صفحة
490 _aالوثائق الهاشمية
500 _aيحتوي على كشافات وملاحق
504 _aمجلد الخامس والثلاثون
650 7 0 _aعهد الامير عبدالله 1921-1946 - التربية والتعليم - الوثائق - تاريخ الاردن
_965156
700 1 _aالبخيت، محمد عدنان سلامة
_eمشرف
_965157
942 _2lcc
_cREF
_n0
999 _c33361
_d33361